Pays d'origine des touristes aux Etats-Unis - Statistiques

Statistiques générales
  • Ce quiz a été pris 295 fois
  • Le résultat moyen est 14 sur 15
Statistiques - réponses
Nombre de visiteurs (2015) Pays d'origine % Correct
1 915 725 France
100%
2 309 654 Chine
98%
19 175 345 Mexique
98%
11 671 122 Canada
97%
953 969 Espagne
97%
1 229 115 Italie
96%
3 750 667 Japon
96%
4 691 874 Royaume-Uni
95%
2 208 145 Allemagne
93%
2 383 822 Brésil
93%
1 399 615 Australie
88%
765 576 Argentine
84%
1 175 153 Inde
78%
1 742 422 Corée du Sud
71%
928 424 Colombie
66%
Aucun quiz correspondant
Distribution des résultats
% des personnes avec chaque résultat
Percentile par nombre de réponses
Votre historique - résultats
Vous n’avez pas pris ce quiz